Implications of the affordable rent model in London (Record no. 112465)

MARC details
000 -LEADER
fixed length control field 00819cad a22002055a 4500
001 - CONTROL NUMBER
control field L153312
008 - FIXED-LENGTH DATA ELEMENTS--GENERAL INFORMATION
fixed length control field 110708s2011 xxk f 000 0 eng d
035 ## - SYSTEM CONTROL NUMBER
System control number (Sirsi) u153312
041 0# - LANGUAGE CODE
Language code of text/sound track or separate title eng
050 04 - LIBRARY OF CONGRESS CALL NUMBER
Classification number 306.1 $2 18
110 2# - MAIN ENTRY--CORPORATE NAME
Corporate name or jurisdiction name as entry element London Assembly
Subordinate unit Planning and Housing Committee
9 (RLIN) 5959
245 00 - TITLE STATEMENT
Title Implications of the affordable rent model in London
Medium [electronic resource]
260 ## - PUBLICATION, DISTRIBUTION, ETC.
Place of publication, distribution, etc. London
Name of publisher, distributor, etc. Greater London Authority
Date of publication, distribution, etc. 2011
520 ## - SUMMARY, ETC.
Summary, etc. Assesses the implications of the affordable rent model in London.
590 ## - LOCAL NOTE (RLIN)
Local note KA
651 #4 - SUBJECT ADDED ENTRY--GEOGRAPHIC NAME
Geographic name London
690 ## - LOCAL SUBJECT ADDED ENTRY--TOPICAL TERM (OCLC, RLIN)
Topical term or geographic name as entry element PROPERTY-RESIDENTIAL PROPERTY-RESIDENTIAL PROPERTY MARKET
856 40 - ELECTRONIC LOCATION AND ACCESS
Uniform Resource Identifier <a href="https://www.london.gov.uk/sites/default/files/Implications%20of%20Affordable%20Rent%20Model%20in%20London.pdf">https://www.london.gov.uk/sites/default/files/Implications%20of%20Affordable%20Rent%20Model%20in%20London.pdf</a>
Public note View the item free of charge at www.london.gov.uk
942 ## - ADDED ENTRY ELEMENTS (KOHA)
Suppress in OPAC 0
Holdings
Withdrawn status Lost status Source of classification or shelving scheme Damaged status Not for loan Home library Current library Shelving location Date acquired Total Checkouts Full call number Barcode Date last seen Copy number Price effective from Koha item type
    Dewey Decimal Classification     Virtual Virtual Online 08/07/2011   ONLINE PUBLICATION 153312-2001 06/08/2019 1 06/08/2019 Book